ARRUPE JESUIT UNIVERSITY

CORONAVIRUS -STOP THE SPREAD - CLEAN,DISINFECT,COVER

Mark :Images of an Apostolic Interpreter / (Record no. 124358)

MARC details
000 -LEADER
fixed length control field 01316cam a2200385 a 4500
001 - CONTROL NUMBER
control field 9084699
003 - CONTROL NUMBER IDENTIFIER
control field ARRUPE
005 - DATE AND TIME OF LATEST TRANSACTION
control field 20160316112126.0
008 - FIXED-LENGTH DATA ELEMENTS--GENERAL INFORMATION
fixed length control field 110516s2011 tnu b 001 0 eng
010 ## - LIBRARY OF CONGRESS CONTROL NUMBER
LC control number 2011020544
020 ## - INTERNATIONAL STANDARD BOOK NUMBER
International Standard Book Number 9780687058419 (book pbk./trade pbk. : alk. paper)
020 ## - INTERNATIONAL STANDARD BOOK NUMBER
International Standard Book Number 0687058414 (book pbk./trade pbk. : alk. paper)
024 ## - OTHER STANDARD IDENTIFIER
Standard number or code 40020019055
035 ## - SYSTEM CONTROL NUMBER
System control number (OCoLC)ocn727511714
035 ## - SYSTEM CONTROL NUMBER
System control number (OCoLC)727511714
035 ## - SYSTEM CONTROL NUMBER
System control number (NNC)9084699
040 ## - CATALOGING SOURCE
Original cataloging agency DLC
Transcribing agency DLC
Modifying agency YDX
-- UKMGB
-- YDXCP
042 ## - AUTHENTICATION CODE
Authentication code pcc
050 00 - LIBRARY OF CONGRESS CALL NUMBER
Classification number BS2585.53
Item number .B53 2011
082 00 - DEWEY DECIMAL CLASSIFICATION NUMBER
Classification number 226.3/07
Edition number 23
300 ## - PHYSICAL DESCRIPTION
Dimensions 23 cm.
100 1# - MAIN ENTRY--PERSONAL NAME
Personal name Black, C. Clifton
Fuller form of name (Carl Clifton),
Dates associated with a name 1955-
9 (RLIN) 22883
245 10 - TITLE STATEMENT
Title Mark :Images of an Apostolic Interpreter /
Statement of responsibility, etc C. Clifton Black.
260 ## - PUBLICATION, DISTRIBUTION, ETC. (IMPRINT)
Place of publication, distribution, etc Minneapolis :
Name of publisher, distributor, etc Fortress Press,
Date of publication, distribution, etc 1994.
300 ## - PHYSICAL DESCRIPTION
Extent xx, 327 p. ;
490 1# - SERIES STATEMENT
Series statement Abingdon New Testament commentaries
504 ## - BIBLIOGRAPHY, ETC. NOTE
Bibliography, etc Includes bibliographical references (p. 363-384) and index.
600 ## - SUBJECT ADDED ENTRY--PERSONAL NAME
Personal name Mark, Saint
9 (RLIN) 22884
630 00 - SUBJECT ADDED ENTRY--UNIFORM TITLE
Uniform title Bible.
Name of part/section of a work Mark. N.T.
Form subdivision Criticism, Interpretation, etc.
9 (RLIN) 22885
650 ## - SUBJECT ADDED ENTRY--TOPICAL TERM
Topical term or geographic name as entry element Evangelists (Bible)
General subdivision Biography
9 (RLIN) 22886
650 ## - SUBJECT ADDED ENTRY--TOPICAL TERM
Topical term or geographic name as entry element Fathers of the Church
9 (RLIN) 3149
830 #0 - SERIES ADDED ENTRY--UNIFORM TITLE
Uniform title Abingdon New Testament commentaries.
9 (RLIN) 14944
942 ## - ADDED ENTRY ELEMENTS (KOHA)
Source of classification or shelving scheme Library of Congress Classification
Koha item type Monograph ( Printed materials)
948 1# - LOCAL PROCESSING INFORMATION (OCLC); SERIES PART DESIGNATOR (RLIN)
Series part designator, SPT (RLIN) 20111114
b (OCLC) c
c (OCLC) sds12
d (OCLC) MPS
Holdings
Withdrawn status Lost status Source of classification or shelving scheme Damaged status Not for loan Collection code Home library Current library Shelving location Date acquired Total Checkouts Full call number Barcode Date last seen Date checked out Price effective from Koha item type
    Library of Congress Classification     Main Collection ARRUPE LIBRARY ARRUPE LIBRARY Main Collection 15/03/2016 1 BS2475.B75 1994 46500006676 26/09/2018 12/09/2018 15/03/2016 Monograph ( Printed materials)

 

Arrupe Library. PO Box MP320 Mt Pleasant, Harare, Zimbabwe
263 242 745411|librarian@aju.ac.zw